| 000 | 00671nam a2200265Ia 4500 | ||
|---|---|---|---|
| 003 | OSt | ||
| 005 | 20220918221953.0 | ||
| 006 | a|||||r|||| 00| 0 | ||
| 007 | ta | ||
| 008 | 220917b |||||||| |||| 00| 0 eng d | ||
| 024 | _a214,063 | ||
| 037 | _cTextual | ||
| 040 |
_aARTS _cARTS _beng |
||
| 041 |
_2eng _aeng |
||
| 082 | _aR4, N3 | ||
| 100 |
_aRachels James _914118 |
||
| 245 | 0 | _aElements of moral philosophy | |
| 250 | _a2nd | ||
| 260 |
_aNew York _bMcGraw-Hill _c1993 |
||
| 300 |
_axiii, 216p _ccm. |
||
| 490 | _aHeritage series in philosophy | ||
| 650 | _aETHICS | ||
| 942 |
_hR4, N3 _cTEXL _2CC |
||
| 999 |
_c274126 _d274126 |
||